000 01338nam a2200277Ia 4500
001 21669
005 20260417121731.0
008 260320s9999||||xx |||||||||||||| ||und||
020 _a9788497274166
041 _aESP
082 _a150.724
_bM26
100 _aMartínez Arias, Rosario,
_eAUT
245 0 _aMétodos de investigación en psicología
260 _aMadrid :
_bGiunti Psychometrics,
_c2014
300 _a352 páginas :
_btablas ;
_c24 cm.
440 _a(Colección Universitaria)
650 _aPSI
653 _aPsicología - Investigación
654 _aCPS
700 _aCastellanos López, Miguel Ángel; Chacón Gómez, José Carlos,
_cAUTS
856 _uhttps://itmsp.museknowledge.com/UCSP?url=https://www.ebooks7-24.com:443/?il=7689&pg=2
_zVéase además: Métodos de investigación en psicología y educación. Versión digital
856 _uhttps://0u213wvpx-y-https-ebooks7--24-com.itmsp.museknowledge.com/biblioteca.aspx
_zVéase además: Base de datos Ebook7-24
856 _uhttps://0u20fwvq4-y-https-research-ebsco-com.itmsp.museknowledge.com/c/qxo6us/search
_zVéase además: Base de datos EBSCOhost
856 _uhttps://0u20vwvic-y-https-ebookcentral-proquest-com.itmsp.museknowledge.com/lib/catolicasp/home.action
_zVéase además: Base de datos ProQuest Ebook Central
942 _cLIB
_dJUS
_fMAT
_2ddc
999 _c21669
_d21669